[Event "Matinhos Caioba op 9th"]
[Site "Matinhos"]
[Date "2025.07.04"]
[Round "7"]
[White "Pinero Rodriguez, Carlos Jose"]
[Black "Mariani, Daniel Brandao"]
[Result "1/2-1/2"]
[WhiteElo "2290"]
[BlackElo "2002"]
[PlyCount "121"]
[EventDate "2025.06.29"]
[EventType "swiss"]
[EventRounds "9"]
[EventCountry "BRA"]
[SourceTitle "CB28_2025"]
[SourceDate "2025.07.09"]
[SourceVersion "1"]
[SourceVersionDate "2025.07.09"]
[SourceQuality "1"]

1. c4 c6 2. Nf3 d5 3. g3 Nf6 4. Bg2 e6 5. 0-0 Nbd7 6. d4 Bd6 7. Nc3 0-0 8. Bf4 Bxf4 9. gxf4 dxc4 10. e4 b5 11. Ne5 Bb7 12. Qe2 a6 13. Rad1 Qb6 14. Nxd7 Nxd7 15. e5 Rad8 16. Qe3 Qc7 17. Ne4 Nb6 18. Qg3 Kh8 19. Bf3 Nd5 20. Nc5 Ne7 21. Be4 Nf5 22. Qh3 Bc8 23. Kh1 h6 24. Bxf5 exf5 25. Rg1 Qe7 26. Rg5 Kh7 27. Rh5 Qxc5 28. dxc5 Rxd1+ 29. Kg2 Be6 30. Rxf5 Rd3 31. f3 Bd5 32. Qh4 Rxf3 33. Kg1 Be6 34. Rh5 Rd3 35. f5 Rfd8 36. Qf4 Rd1+ 37. Kf2 R8d2+ 38. Ke3 Rxb2 39. fxe6 Rd3+ 40. Ke4 fxe6 41. Rxh6+ gxh6 42. Qf7+ Kh8 43. Qe8+ Kh7 44. Qe7+ Kh8 45. Qf6+ Kh7 46. Qf7+ Kh8 47. Qe8+ Kh7 48. Qe7+ Kh8 49. h4 Re2+ 50. Kf4 Rde3 51. Qd8+ Kh7 52. Qd7+ Kh8 53. Qxc6 Rxe5 54. Qe8+ Kg7 55. Qe7+ Kg8 56. Qd8+ Kf7 57. Qd7+ Kf6 58. Qd8+ Kf7 59. Qd7+ Kg6 60. Qe8+ Kg7 61. Qe7+ 1/2-1/2

[Event "Matinhos Caioba op 9th"]
[Site "Matinhos"]
[Date "2025.06.29"]
[Round "2"]
[White "Mariani, Daniel Brandao"]
[Black "Umetsubo, Cesar Hidemitsu"]
[Result "1/2-1/2"]
[WhiteElo "2002"]
[BlackElo "2359"]
[PlyCount "43"]
[EventDate "2025.06.29"]
[EventType "swiss"]
[EventRounds "9"]
[EventCountry "BRA"]
[SourceTitle "CB28_2025"]
[SourceDate "2025.07.09"]
[SourceVersion "1"]
[SourceVersionDate "2025.07.09"]
[SourceQuality "1"]

1. e4 c5 2. Nf3 d6 3. Bb5+ Bd7 4. Bxd7+ Qxd7 5. c4 Nc6 6. d4 cxd4 7. Nxd4 Nf6 8. Nc3 g6 9. 0-0 Bg7 10. Nde2 0-0 11. f3 a6 12. Be3 Ne5 13. b3 b5 14. Nd5 Rab8 15. Bd4 Nxd5 16. cxd5 Rfc8 17. Qd2 Rb7 18. h3 Rbc7 19. Rac1 Rxc1 20. Rxc1 Qb7 21. f4 Nd7 22. Bxg7 1/2-1/2

[Event "Florianopolis Winter op 8th"]
[Site "Florianopolis"]
[Date "2024.07.14"]
[Round "9"]
[White "De Maicy, Gabriel Mendes"]
[Black "Mariani, Daniel Brandao"]
[Result "0-1"]
[WhiteElo "1837"]
[BlackElo "1998"]
[PlyCount "76"]
[EventDate "2024.07.09"]
[EventType "swiss"]
[EventRounds "9"]
[EventCountry "BRA"]
[SourceTitle "CBM 221 Extra"]
[Source "ChessBase"]
[SourceDate "2024.09.30"]
[SourceVersion "1"]
[SourceVersionDate "2024.09.30"]
[SourceQuality "1"]

1. e4 c5 2. Nf3 e6 3. d4 cxd4 4. Nxd4 Nf6 5. Nc3 Nc6 6. Nxc6 bxc6 7. e5 Nd5 8. Ne4 Qc7 9. f4 Rb8 10. c4 Bb4+ 11. Kf2 f5 12. exf6 Nxf6 13. Nxf6+ gxf6 14. Qh5+ Kd8 15. Be3 Bd6 16. Qh6 Be7 17. Be2 c5 18. b3 Bb7 19. Rhd1 Rg8 20. g3 Qc6 21. Qxh7 Rf8 22. Qh3 Kc7 23. g4 Rh8 24. Qg3 Rbg8 25. h3 Rg7 26. Bf1 Rgh7 27. Rd2 d6 28. Rad1 Kb6 29. Kg1 Qh1+ 30. Kf2 f5 31. g5 Rh4 32. Ke2 Be4 33. Re1 e5 34. fxe5 f4 35. Bxf4 Rxf4 36. Qxf4 Rf8 37. Qg3 Bxg5 38. exd6 Bf4 0-1

[Event "Florianopolis Winter op 8th"]
[Site "Florianopolis"]
[Date "2024.07.13"]
[Round "8"]
[White "Mariani, Daniel Brandao"]
[Black "Caetano, Ryan Wesley da Cost"]
[Result "0-1"]
[WhiteElo "1998"]
[BlackElo "2174"]
[PlyCount "66"]
[EventDate "2024.07.09"]
[EventType "swiss"]
[EventRounds "9"]
[EventCountry "BRA"]
[SourceTitle "CBM 221 Extra"]
[Source "ChessBase"]
[SourceDate "2024.09.30"]
[SourceVersion "1"]
[SourceVersionDate "2024.09.30"]
[SourceQuality "1"]

1. d4 Nf6 2. c4 e6 3. Nc3 Bb4 4. e3 0-0 5. Nge2 c6 6. a3 Ba5 7. b4 Bc7 8. Ng3 d5 9. Be2 e5 10. dxe5 Bxe5 11. Bb2 Be6 12. cxd5 cxd5 13. 0-0 Nc6 14. f4 Bc7 15. Nb5 Bb6 16. Nd4 Re8 17. Kh1 Bd7 18. Qb3 Nxd4 19. Bxd4 Bxd4 20. exd4 Qb6 21. Rad1 h5 22. Bf3 h4 23. Nh5 Bb5 24. Nxf6+ Qxf6 25. Rfe1 Bc4 26. Rxe8+ Rxe8 27. Qa4 b5 28. Qxa7 Qxf4 29. Qd7 Re3 30. Bxd5 h3 31. gxh3 Qf2 32. Qd8+ Kh7 33. Rg1 Re2 0-1

[Event "Florianopolis Winter op 8th"]
[Site "Florianopolis"]
[Date "2024.07.12"]
[Round "5"]
[White "Mariani, Daniel Brandao"]
[Black "Osipi, Jair"]
[Result "1/2-1/2"]
[WhiteElo "1998"]
[BlackElo "2174"]
[PlyCount "93"]
[EventDate "2024.07.09"]
[EventType "swiss"]
[EventRounds "9"]
[EventCountry "BRA"]
[SourceTitle "CBM 221 Extra"]
[Source "ChessBase"]
[SourceDate "2024.09.30"]
[SourceVersion "1"]
[SourceVersionDate "2024.09.30"]
[SourceQuality "1"]

1. d4 d5 2. c4 dxc4 3. Nf3 c5 4. e3 e6 5. Bxc4 a6 6. Bb3 Nf6 7. 0-0 b5 8. a4 b4 9. dxc5 Qxd1 10. Rxd1 Bxc5 11. Nbd2 Bb7 12. Nc4 Nc6 13. Bd2 0-0 14. Rac1 Rac8 15. Be1 Rfd8 16. Rxd8+ Rxd8 17. Nce5 Nxe5 18. Nxe5 Bd6 19. Rd1 Bd5 20. Bxd5 Bxe5 21. Bf3 Rxd1 22. Bxd1 a5 23. b3 Bc3 24. Kf1 Bxe1 25. Kxe1 Ne4 26. Be2 Kf8 27. f3 Nc5 28. Bc4 e5 29. Kd2 Ke7 30. Ke2 f5 31. f4 Kf6 32. Bd5 g5 33. g3 h6 34. Kd2 e4 35. Bc4 Kg6 36. Ke1 Nd7 37. Kf2 Nf6 38. h3 Nd7 39. Be6 Nc5 40. Bc4 Kf6 41. Ke2 Nb7 42. Kd2 Nd6 43. Bd5 Ne8 44. Ke2 Nc7 45. Bc4 Na8 46. Bd5 Nc7 47. Bc4 1/2-1/2

[Event "Florianopolis Winter op 8th"]
[Site "Florianopolis"]
[Date "2024.07.10"]
[Round "3"]
[White "Mariani, Daniel Brandao"]
[Black "De Dea, Fernando Jose Perei"]
[Result "1-0"]
[WhiteElo "1998"]
[BlackElo "1722"]
[PlyCount "59"]
[EventDate "2024.07.09"]
[EventType "swiss"]
[EventRounds "9"]
[EventCountry "BRA"]
[SourceTitle "CBM 221 Extra"]
[Source "ChessBase"]
[SourceDate "2024.09.30"]
[SourceVersion "1"]
[SourceVersionDate "2024.09.30"]
[SourceQuality "1"]

1. c4 e5 2. g3 Nf6 3. Bg2 d5 4. cxd5 Nxd5 5. Nc3 Nb6 6. Nf3 Nc6 7. 0-0 Be7 8. a3 g5 9. d3 h5 10. b4 g4 11. Nh4 Bxh4 12. gxh4 Qxh4 13. Ne4 Rg8 14. Bb2 f5 15. Qb3 Rg6 16. Nc5 Qe7 17. b5 Nd4 18. Bxd4 exd4 19. Nxb7 Bxb7 20. Bxb7 Rd8 21. e3 Qd6 22. Rac1 h4 23. Rc6 g3 24. Rxd6 gxf2+ 25. Kxf2 dxe3+ 26. Kxe3 Rdxd6 27. Rxf5 Rge6+ 28. Kd2 Ke7 29. Qc3 Rg6 30. Qe5+ 1-0

[Event "Florianopolis Winter op 8th"]
[Site "Florianopolis"]
[Date "2024.07.10"]
[Round "2"]
[White "Matsuura, Everaldo"]
[Black "Mariani, Daniel Brandao"]
[Result "1-0"]
[WhiteElo "2377"]
[BlackElo "1998"]
[PlyCount "89"]
[EventDate "2024.07.09"]
[EventType "swiss"]
[EventRounds "9"]
[EventCountry "BRA"]
[SourceTitle "CBM 221 Extra"]
[Source "ChessBase"]
[SourceDate "2024.09.30"]
[SourceVersion "1"]
[SourceVersionDate "2024.09.30"]
[SourceQuality "1"]

1. c4 e6 2. Nf3 d5 3. g3 c6 4. Bg2 Nf6 5. 0-0 Be7 6. d4 0-0 7. Qc2 Nbd7 8. Nbd2 b6 9. e4 dxe4 10. Nxe4 Nxe4 11. Qxe4 Ba6 12. b3 Rc8 13. Rd1 Qc7 14. Bf4 Bd6 15. Bxd6 Qxd6 16. c5 Qc7 17. Rac1 Rfd8 18. b4 bxc5 19. dxc5 Nf6 20. Qe5 Qxe5 21. Nxe5 Rxd1+ 22. Rxd1 Nd5 23. a4 Kf8 24. Bxd5 exd5 25. Rb1 Be2 26. b5 cxb5 27. axb5 f6 28. Nc6 Bxb5 29. Nxa7 Bd3 30. Nxc8 Bxb1 31. Nb6 Ke7 32. Nxd5+ Ke6 33. Nc3 Bf5 34. f4 g5 35. Kf2 h5 36. h4 gxf4 37. gxf4 Bg6 38. Ke3 Be8 39. Ne4 Bc6 40. Ng3 Kd5 41. Nxh5 f5 42. Ng7 Kxc5 43. h5 Bd5 44. h6 Bg8 45. Ne8 1-0

[Event "Caioba op 8th"]
[Site "Caioba"]
[Date "2024.06.24"]
[Round "2"]
[White "Matsuura, Everaldo"]
[Black "Mariani, Daniel Brandao"]
[Result "1-0"]
[WhiteElo "2380"]
[BlackElo "1998"]
[PlyCount "47"]
[EventDate "2024.06.23"]
[EventType "swiss"]
[EventRounds "9"]
[EventCountry "BRA"]
[SourceTitle "CBM 220 Extra"]
[Source "ChessBase"]
[SourceDate "2024.07.31"]
[SourceVersion "1"]
[SourceVersionDate "2024.07.31"]
[SourceQuality "1"]

1. Nf3 d5 2. g3 Nf6 3. Bg2 Bf5 4. 0-0 e6 5. d3 h6 6. Nfd2 Bh7 7. e4 Be7 8. Nc3 0-0 9. Kh1 c6 10. f4 dxe4 11. dxe4 Nbd7 12. Qe2 Qc7 13. b3 Qa5 14. Bb2 b5 15. a3 Rab8 16. e5 Nd5 17. Nce4 Qb6 18. Rae1 Nc5 19. Bd4 Rfd8 20. b4 Nxb4 21. axb4 Rxd4 22. bxc5 Qd8 23. Nb3 Rc4 24. Ra1 1-0

[Event "Florianopolis op 10th"]
[Site "Florianopolis"]
[Date "2024.01.27"]
[Round "9"]
[White "Mariani, Daniel Brandao"]
[Black "Bauza, Alejandro"]
[Result "1/2-1/2"]
[WhiteElo "2040"]
[BlackElo "2205"]
[PlyCount "27"]
[EventDate "2024.01.20"]
[EventType "swiss"]
[EventRounds "10"]
[EventCountry "BRA"]
[SourceTitle "CBM 218 Extra"]
[Source "ChessBase"]
[SourceDate "2024.03.31"]
[SourceVersion "1"]
[SourceVersionDate "2024.03.31"]
[SourceQuality "1"]

1. c4 Nf6 2. Nc3 e6 3. e4 d5 4. e5 d4 5. exf6 dxc3 6. bxc3 Qxf6 7. d4 Qd8 8. Nf3 Be7 9. Bd3 Nd7 10. 0-0 0-0 11. Qe2 Nf6 12. Bg5 Re8 13. Ne5 h6 14. Bf4 1/2-1/2

[Event "Florianopolis op 10th"]
[Site "Florianopolis"]
[Date "2024.01.23"]
[Round "5"]
[White "Mariani, Daniel Brandao"]
[Black "Silverio, Vitor Luis de Jesus"]
[Result "0-1"]
[WhiteElo "2040"]
[BlackElo "1773"]
[PlyCount "100"]
[EventDate "2024.01.20"]
[EventType "swiss"]
[EventRounds "10"]
[EventCountry "BRA"]
[SourceTitle "CBM 218 Extra"]
[Source "ChessBase"]
[SourceDate "2024.03.31"]
[SourceVersion "1"]
[SourceVersionDate "2024.03.31"]
[SourceQuality "1"]

1. e4 c5 2. Nf3 d6 3. d4 cxd4 4. Qxd4 Nc6 5. Bb5 Bd7 6. Bxc6 Bxc6 7. Nc3 Nf6 8. Bg5 e6 9. 0-0-0 Be7 10. Kb1 0-0 11. Rhe1 Qa5 12. Qd2 Qb6 13. Nd4 Rfc8 14. f4 h6 15. Bh4 Nxe4 16. Nxe4 Bxh4 17. g3 Bxe4 18. Rxe4 Bf6 19. Nb3 d5 20. Re2 a5 21. g4 a4 22. Nd4 Rc4 23. c3 Rac8 24. g5 hxg5 25. fxg5 Bxd4 26. cxd4 Qc6 27. g6 fxg6 28. Qe1 Rc2 29. a3 Qc4 30. Rxc2 Qxc2+ 31. Ka1 Rc6 32. Qg1 b5 33. Rf1 b4 34. Qg5 Rc8 35. Qe3 e5 36. axb4 a3 37. Qxa3 exd4 38. Rf3 Qxh2 39. Ka2 Qh1 40. b5 Qc1 41. Qa6 Qc4+ 42. Ka1 Re8 43. Qa5 d3 44. b6 Qc6 45. Qd2 Qxb6 46. Rxd3 Ra8+ 47. Ra3 Rd8 48. Qd3 Qf6 49. Ra6 Qf5 50. Qg3 Qf1+ 0-1

[Event "Criciuma op-A"]
[Site "Criciuma"]
[Date "2024.01.15"]
[Round "5"]
[White "Caetano, Ryan Wesley da Cost"]
[Black "Mariani, Daniel Brandao"]
[Result "1-0"]
[WhiteElo "2184"]
[BlackElo "2040"]
[PlyCount "77"]
[EventDate "2024.01.12"]
[EventType "swiss"]
[EventRounds "9"]
[EventCountry "BRA"]
[SourceTitle "CBM 218 Extra"]
[Source "ChessBase"]
[SourceDate "2024.03.31"]
[SourceVersion "1"]
[SourceVersionDate "2024.03.31"]
[SourceQuality "1"]

1. e4 e6 2. d4 d5 3. e5 c5 4. c3 Nc6 5. Nf3 Bd7 6. Be2 f6 7. 0-0 Qc7 8. Bf4 fxe5 9. Nxe5 Bd6 10. Re1 Bxe5 11. dxe5 Nge7 12. c4 0-0 13. Bg3 d4 14. Nd2 Nf5 15. Bd3 Nce7 16. Ne4 Nxg3 17. Nxg3 Be8 18. Qg4 Qb6 19. Bxh7+ Kxh7 20. Qh4+ Kg8 21. Qxe7 Qxb2 22. Qxe6+ Bf7 23. Qg4 Bxc4 24. Ne4 Bd3 25. Nf6+ Kf7 26. Nh5 Ke7 27. Qxg7+ Ke6 28. Qh6+ Kd5 29. Nf4+ Kc4 30. Qe6+ Kc3 31. Nxd3 Kxd3 32. Rad1+ Kc3 33. Rc1+ Kb4 34. Rb1 Rxf2 35. Rxb2+ Rxb2 36. Qd5 Rc8 37. Qxb7+ Kc3 38. Rc1+ Rc2 39. Qb3+ 1-0

[Event "Criciuma op-A"]
[Site "Criciuma"]
[Date "2024.01.13"]
[Round "3"]
[White "Medeiros, Thauane Ferreira"]
[Black "Mariani, Daniel Brandao"]
[Result "0-1"]
[WhiteElo "1842"]
[BlackElo "2040"]
[PlyCount "128"]
[EventDate "2024.01.12"]
[EventType "swiss"]
[EventRounds "9"]
[EventCountry "BRA"]
[SourceTitle "CBM 218 Extra"]
[Source "ChessBase"]
[SourceDate "2024.03.31"]
[SourceVersion "1"]
[SourceVersionDate "2024.03.31"]
[SourceQuality "1"]

1. d4 d5 2. Bf4 Nf6 3. Nf3 c5 4. e3 Nc6 5. Nbd2 Bg4 6. c3 e6 7. Qa4 Bxf3 8. Nxf3 a6 9. Qc2 Rc8 10. Be2 Bd6 11. dxc5 Bxc5 12. 0-0 0-0 13. Bg5 h6 14. Bh4 Be7 15. a3 Ne4 16. Bxe7 Qxe7 17. Nd2 Nxd2 18. Qxd2 Na5 19. Rad1 Nc4 20. Qc2 b5 21. Rd4 Nd6 22. Bd3 f5 23. Re1 Rc6 24. Qe2 Rfc8 25. f3 Qa7 26. Kf1 Nc4 27. Bxc4 Rxc4 28. Qd3 Qc7 29. g3 Qb7 30. Kf2 a5 31. Rg1 b4 32. axb4 axb4 33. Rxc4 Rxc4 34. Rc1 bxc3 35. bxc3 Qb3 36. Qc2 Qb6 37. Ke2 Qa6 38. Kd2 h5 39. Rb1 Qc8 40. Rb4 Rc6 41. e4 dxe4 42. fxe4 Qd8+ 43. Ke2 Qd6 44. Qd3 Qc7 45. Kd2 f4 46. e5 fxg3 47. Qxg3 Rc5 48. Re4 Qd8+ 49. Rd4 Qa5 50. Qd3 Qa2+ 51. Kd1 Qa1+ 52. Kd2 Qa2+ 53. Kd1 Rd5 54. Rxd5 Qxd5 55. Kc2 Qxd3+ 56. Kxd3 g5 57. Kd4 Kf7 58. c4 Ke7 59. Kc5 Kd7 60. Kb6 Kc8 61. Kc5 Kc7 62. h3 h4 63. Kd4 g4 64. hxg4 h3 0-1

[Event "Criciuma op-A"]
[Site "Criciuma"]
[Date "2024.01.12"]
[Round "1"]
[White "Matsuura, Everaldo"]
[Black "Mariani, Daniel Brandao"]
[Result "1-0"]
[WhiteElo "2410"]
[BlackElo "2040"]
[PlyCount "105"]
[EventDate "2024.01.12"]
[EventType "swiss"]
[EventRounds "9"]
[EventCountry "BRA"]
[SourceTitle "CBM 218 Extra"]
[Source "ChessBase"]
[SourceDate "2024.03.31"]
[SourceVersion "1"]
[SourceVersionDate "2024.03.31"]
[SourceQuality "1"]

1. c4 e6 2. Nf3 c5 3. e3 Nc6 4. Nc3 a6 5. d4 d5 6. cxd5 exd5 7. dxc5 Nf6 8. Na4 Bxc5 9. Nxc5 Qa5+ 10. Bd2 Qxc5 11. Rc1 Qe7 12. Bc3 0-0 13. Be2 Bg4 14. 0-0 Rfd8 15. Nd4 Bxe2 16. Qxe2 Ne5 17. Nf3 Nc6 18. Rfd1 Ne4 19. Nd4 Ne5 20. Nf5 Qe6 21. Bxe5 Qxf5 22. Bc7 Rdc8 23. Rc2 Nd6 24. Rdc1 Ne8 25. Bg3 Rxc2 26. Qxc2 Qxc2 27. Rxc2 f6 28. Rd2 Rc8 29. Kf1 Rc5 30. b4 Rb5 31. Rd4 a5 32. bxa5 Rxa5 33. a4 Kf7 34. Rb4 Kg6 35. Ke2 f5 36. Be5 Ra6 37. Kd3 Nf6 38. Kd4 Ra5 39. f3 h6 40. Bc7 Ra6 41. a5 Rc6 42. Rxb7 Rc4+ 43. Kd3 Nd7 44. Kd2 Nc5 45. Rb6+ Kf7 46. Bd6 Nd7 47. Rb7 Ke6 48. Bb4 Rc6 49. Bc3 g6 50. Bd4 Ra6 51. Rb5 Kd6 52. Kc3 Rc6+ 53. Kb3 1-0

[Event "Caioba op 7th"]
[Site "Caioba"]
[Date "2023.06.19"]
[Round "2"]
[White "Mariani, Daniel Brandao"]
[Black "Mendes Domingues, Ribeiro Matheus"]
[Result "1/2-1/2"]
[WhiteElo "1989"]
[BlackElo "2257"]
[PlyCount "131"]
[EventDate "2023.06.18"]
[EventType "swiss"]
[EventRounds "9"]
[EventCountry "BRA"]
[SourceTitle "CBM 214 Extra"]
[Source "ChessBase"]
[SourceDate "2023.07.31"]
[SourceVersion "1"]
[SourceVersionDate "2023.07.31"]
[SourceQuality "1"]

1. d4 d5 2. c4 e6 3. Nc3 c6 4. e3 Nf6 5. Nf3 Bd6 6. Bd3 Nbd7 7. 0-0 0-0 8. e4 dxc4 9. Bxc4 e5 10. Bg5 Qe7 11. d5 Nb6 12. Be2 cxd5 13. exd5 h6 14. Bh4 g5 15. Bg3 e4 16. Nd2 Bxg3 17. hxg3 Rd8 18. Bc4 e3 19. Qe2 Ng4 20. d6 Rxd6 21. fxe3 Qxe3+ 22. Qxe3 Nxe3 23. Bxf7+ Kg7 24. Nde4 Nxf1 25. Nxd6 Nxg3 26. Bb3 Bg4 27. Re1 Rd8 28. Nxb7 Rd2 29. Nc5 Nf5 30. Re8 Rxb2 31. Rg8+ Kf6 32. N3e4+ Ke7 33. Be6 Na4 34. Bxf5 Nxc5 35. Bxg4 Nxe4 36. Rg7+ Kf6 37. Rxa7 Ke5 38. Bf3 Nf6 39. Ra5+ Kf4 40. Ra6 Kf5 41. Ra5+ Kg6 42. Ra6 Rb4 43. Bh5+ Kf5 44. Ra5+ Kf4 45. Be2 Ne4 46. Ra3 g4 47. Rb3 Rd4 48. Rd3 Rb4 49. Rb3 Rxb3 50. axb3 Nd2 51. b4 g3 52. b5 Ke5 53. Bf3 Kd6 54. b6 Kd7 55. Bd5 h5 56. b7 Kc7 57. Kh1 Nf1 58. Kg1 Ne3 59. Bf3 h4 60. Be4 Nc4 61. Bd5 Nd2 62. Bc6 Nc4 63. Kf1 Ne5 64. Be4 Nf7 65. Ke2 Ng5 66. Bd5 1/2-1/2

[Event "Florianopolis op 9th"]
[Site "Florianopolis"]
[Date "2023.01.29"]
[Round "10"]
[White "Do Nascimento, Christian Almeida"]
[Black "Mariani, Daniel Brandao"]
[Result "1-0"]
[WhiteElo "2097"]
[BlackElo "1987"]
[PlyCount "83"]
[EventDate "2023.01.23"]
[EventType "swiss"]
[EventRounds "10"]
[EventCountry "BRA"]
[SourceTitle "CBM 212 Extra"]
[Source "ChessBase"]
[SourceDate "2023.03.31"]
[SourceVersion "1"]
[SourceVersionDate "2023.03.31"]
[SourceQuality "1"]

1. d4 Nf6 2. Bg5 Ne4 3. Bf4 d5 4. e3 c5 5. Bd3 Nf6 6. Nf3 Nc6 7. c3 Bg4 8. Nbd2 e6 9. Bb5 Nd7 10. 0-0 Be7 11. Be2 0-0 12. a3 Nf6 13. Ne5 Bxe2 14. Qxe2 Nxe5 15. dxe5 Nd7 16. c4 f6 17. Nf3 fxe5 18. Nxe5 Nxe5 19. Bxe5 Bf6 20. Bg3 Qb6 21. Rab1 a5 22. Rfd1 Rad8 23. b3 Rf7 24. cxd5 exd5 25. Qg4 Qc6 26. Bh4 d4 27. exd4 Rxd4 28. Rxd4 Bxd4 29. b4 axb4 30. axb4 b6 31. Rc1 Qd5 32. bxc5 bxc5 33. h3 Qa2 34. Rf1 h6 35. Bg3 Rf8 36. Bf4 Qf7 37. Bxh6 Bxf2+ 38. Kh1 Qe7 39. Bg5 Qf7 40. Qe2 Qd5 41. Be7 Rf7 42. Rxf2 1-0

[Event "Florianopolis op 9th"]
[Site "Florianopolis"]
[Date "2023.01.26"]
[Round "5"]
[White "Mariani, Daniel Brandao"]
[Black "Amarilla Ettiene, Ezequiel"]
[Result "1-0"]
[WhiteElo "1987"]
[BlackElo "1616"]
[PlyCount "57"]
[EventDate "2023.01.23"]
[EventType "swiss"]
[EventRounds "10"]
[EventCountry "BRA"]
[SourceTitle "CBM 212 Extra"]
[Source "ChessBase"]
[SourceDate "2023.03.31"]
[SourceVersion "1"]
[SourceVersionDate "2023.03.31"]
[SourceQuality "1"]

1. d4 Nf6 2. c4 g6 3. Nc3 Bg7 4. e4 0-0 5. f3 d6 6. Be3 e5 7. d5 c5 8. Qd2 Na6 9. Bd3 Nc7 10. Nge2 Rb8 11. a3 a5 12. Rb1 Bd7 13. b4 axb4 14. axb4 b6 15. 0-0 Nfe8 16. Qb2 Na6 17. b5 Nb4 18. Qd2 f5 19. exf5 gxf5 20. Ra1 f4 21. Bf2 Qg5 22. Ne4 Qg6 23. Nxc5 Nxd3 24. Nxd7 Nxf2 25. Nxf8 Qf5 26. Ne6 Bf6 27. Rxf2 e4 28. fxe4 Qxe4 29. Rxf4 1-0

[Event "Florianopolis Spring op 2nd"]
[Site "Florianopolis"]
[Date "2022.10.23"]
[Round "5"]
[White "Mariani, Daniel Brandao"]
[Black "Cassel, Amanda Barpi"]
[Result "1-0"]
[WhiteElo "2016"]
[BlackElo "1494"]
[PlyCount "121"]
[EventDate "2022.10.21"]
[EventType "swiss"]
[EventRounds "6"]
[EventCountry "BRA"]
[SourceTitle "EXT 2024"]
[Source "ChessBase"]
[SourceDate "2023.10.10"]
[SourceVersion "1"]
[SourceVersionDate "2023.10.10"]
[SourceQuality "1"]

1. d4 d5 2. c4 e6 3. Nf3 Nf6 4. g3 Be7 5. Bg2 0-0 6. 0-0 c6 7. Qc2 Nbd7 8. Rd1 dxc4 9. Qxc4 Bd6 10. Nc3 Nb6 11. Qd3 Nh5 12. e4 Be7 13. Qe2 Re8 14. Nd2 g6 15. Nb3 Bf8 16. f4 Nf6 17. Be3 Bg7 18. Rac1 Qe7 19. Bf2 Nfd7 20. e5 Nd5 21. Ne4 N7b6 22. a3 Na4 23. Qc2 Bd7 24. Nbd2 b5 25. Nd6 Red8 26. N2e4 Rab8 27. b3 Nab6 28. Qe2 Be8 29. Qe1 a6 30. Rc2 f5 31. Ng5 h6 32. Nf3 Nc8 33. Nxe8 Qxe8 34. Rdc1 Nce7 35. Qa5 Ra8 36. Ne1 Bf8 37. Nd3 Ra7 38. Nc5 Kf7 39. Bf3 Rc8 40. Nd3 Qd7 41. Kh1 Qc7 42. Qd2 a5 43. g4 Ra6 44. gxf5 Nxf5 45. b4 axb4 46. axb4 Nfe7 47. Bh4 Nf5 48. Bf2 Rca8 49. Nc5 Rb6 50. Bxd5 exd5 51. Ra2 Rab8 52. Nd3 Ke6 53. Rca1 R6b7 54. Ra6 Ne7 55. Nc5+ Kf7 56. Nxb7 Rxb7 57. Qc2 Ke6 58. Bh4 Rb6 59. Bxe7 Bxe7 60. Qxg6+ Kd7 61. Qg4+ 1-0

[Event "Florianopolis Spring op 2nd"]
[Site "Florianopolis"]
[Date "2022.10.23"]
[Round "6"]
[White "Sonnenhohl, Walter Evaldo Franc"]
[Black "Mariani, Daniel Brandao"]
[Result "0-1"]
[WhiteElo "1669"]
[BlackElo "2016"]
[PlyCount "72"]
[EventDate "2022.10.21"]
[EventType "swiss"]
[EventRounds "6"]
[EventCountry "BRA"]
[SourceTitle "EXT 2024"]
[Source "ChessBase"]
[SourceDate "2023.10.10"]
[SourceVersion "1"]
[SourceVersionDate "2023.10.10"]
[SourceQuality "1"]

1. d4 Nf6 2. e3 g6 3. c4 Bg7 4. Nc3 d5 5. f4 0-0 6. Nf3 b6 7. Be2 Bb7 8. 0-0 Nbd7 9. Bd2 c5 10. Rc1 Rc8 11. Qb3 cxd4 12. exd4 Ne4 13. Be3 Ndf6 14. Ne5 Nxc3 15. bxc3 dxc4 16. Bxc4 Bd5 17. Bxd5 Nxd5 18. Bd2 e6 19. h3 Ne7 20. Be3 Qd5 21. Qxd5 Nxd5 22. Bd2 Rfd8 23. Rf3 f5 24. g4 Nf6 25. Kf2 Rd5 26. Ke3 Ra5 27. Ra1 Ra3 28. Kd3 Ne4 29. Kc2 Bxe5 30. fxe5 b5 31. Re3 b4 32. Rxe4 fxe4 33. Kb2 bxc3+ 34. Kxa3 cxd2 35. Rd1 e3 36. Kb2 e2 0-1

[Event "Lisbon Portugal rapid op"]
[Site "Lisbon"]
[Date "2022.09.04"]
[Round "8"]
[White "Nunes, Eduardo Tavares"]
[Black "Mariani, Daniel Brandao"]
[Result "1/2-1/2"]
[WhiteElo "1594"]
[BlackElo "2016"]
[PlyCount "21"]
[EventDate "2022.09.03"]
[EventType "swiss (rapid)"]
[EventRounds "11"]
[EventCountry "POR"]
[SourceTitle "CBM 210 Extra"]
[Source "ChessBase"]
[SourceDate "2022.11.30"]
[SourceVersion "1"]
[SourceVersionDate "2022.11.30"]
[SourceQuality "1"]

1. e4 e5 2. Nf3 Nf6 3. Nxe5 d6 4. Nf3 Nxe4 5. d4 d5 6. Bd3 Nc6 7. 0-0 Be7 8. Re1 Bg4 9. c4 Nf6 10. Be3 0-0 11. h3 1/2-1/2

[Event "Lisbon Portugal rapid op"]
[Site "Lisbon"]
[Date "2022.09.03"]
[Round "4"]
[White "Damaso, Rui"]
[Black "Mariani, Daniel Brandao"]
[Result "1-0"]
[WhiteElo "2430"]
[BlackElo "2016"]
[PlyCount "67"]
[EventDate "2022.09.03"]
[EventType "swiss (rapid)"]
[EventRounds "11"]
[EventCountry "POR"]
[SourceTitle "CBM 210 Extra"]
[Source "ChessBase"]
[SourceDate "2022.11.30"]
[SourceVersion "1"]
[SourceVersionDate "2022.11.30"]
[SourceQuality "1"]

1. d4 d5 2. c4 e6 3. Nc3 c5 4. cxd5 exd5 5. Nf3 Nc6 6. g3 Nf6 7. Bg2 cxd4 8. Nxd4 Bc5 9. Nb3 Bb6 10. 0-0 d4 11. Na4 0-0 12. Bg5 Re8 13. Nxb6 axb6 14. e3 dxe3 15. Bxe3 b5 16. a3 Be6 17. Nc5 Qe7 18. Re1 Rad8 19. Qc2 Bd5 20. Bd2 Nd4 21. Rxe7 Nxc2 22. Rxe8+ Nxe8 23. Rd1 Bxg2 24. Kxg2 b6 25. Nb3 b4 26. a4 Rd3 27. Rc1 Nd4 28. Rc8 f6 29. Nxd4 Rxd4 30. Rxe8+ Kf7 31. Re2 b3 32. a5 bxa5 33. Bxa5 Rd1 34. Re3 1-0